00310 a2200133 4500001000700000020001800007040001100025100003700036240004200073245003700115300000700152362000900159440000800168185240 a85-7153-191-9 cMagnum aBellinghausen, Biesemeyer Ingrid10aVamos conhecer as profissões 1lpor10aVamos conhecer as profissões 1 a230 a2005 1aRHJ